[Event "Mondiale Lampo FIDE 2022"]
[Site "Alma Ata"]
[Date "29.12.2022"]
[Round "3.79"]
[White "Tologon tegin, Semetei"]
[Black "Maze, Sebastien"]
[Result "0-1"]
[WhiteTitle ""]
[BlackTitle ""]
[WhiteElo "2394"]
[BlackElo "2538"]
[WhiteFideId "13800574"]
[BlackFideId "613762"]
[EventDate "29.12.2022"]

1. e4 c5 2. Nf3 Nc6 3. d4 cxd4 4. Nxd4 g6 5. Nc3 Bg7 6. Be3 Nf6 7. Bc4 Qa5 8.
Qd2 Nxe4 9. Nxc6 Qxc3 10. bxc3 Nxd2 11. Bxd2 dxc6 12. Rb1 O-O 13. Bd3 b6 14. Be4
Ba6 15. Bxc6 Rac8 16. Bb5 Bxb5 17. Rxb5 Bxc3 18. Bxc3 Rxc3 19. Kd2 Ra3 20. Rb2
Rd8+ 21. Kc1 f6 22. Re1 Kf7 23. f4 h5 24. g3 h4 25. Rg1 hxg3 26. hxg3 Rd5 27.
Kb1 g5 28. fxg5 Rxg5 29. Rb3 Rxb3+ 30. axb3 f5 31. Kb2 e5 32. Re1 e4 33. Re3 Ke6
34. Kc3 Ke5 35. Kd2 b5 36. b4 Rg7 37. Rc3 Kd4 38. Ra3 Kc4 39. Rb3 Rg8 40. Ke2
Kd4 41. Kd2 a6 42. Ra3 Kc4 43. Rb3 Kd4 44. Ke2 Rh8 45. Ra3 Rh2+ 46. Kf1 e3 47.
Rxa6 Ke4 48. Rf6 Rxc2 49. Rf8 Rb2 50. g4 f4 51. g5 f3 52. Re8+ Kf4 53. Rf8+ Kg3 0-1

[Event "Mondiale Lampo FIDE 2022"]
[Site "Alma Ata"]
[Date "29.12.2022"]
[Round "3.80"]
[White "Harutyunyan, Tigran K."]
[Black "Averin, Nikolay"]
[Result "1-0"]
[WhiteTitle ""]
[BlackTitle ""]
[WhiteElo "2511"]
[BlackElo "2342"]
[WhiteFideId "13303635"]
[BlackFideId "24250473"]
[EventDate "29.12.2022"]

1. c4 e6 2. Nc3 d5 3. d4 Nf6 4. Nf3 Be7 5. g3 O-O 6. Bg2 dxc4 7. Ne5 c5 8. dxc5
Qc7 9. Nxc4 Qxc5 10. Nd2 Rd8 11. O-O Nc6 12. Qa4 Bd7 13. Nde4 Nxe4 14. Qxe4 Be8
15. Be3 Qb4 16. Qxb4 Bxb4 17. Rac1 Rac8 18. a3 Be7 19. h3 h6 20. Nb5 a6 21. Na7
Nxa7 22. Bxa7 Bc6 23. Bxc6 Rxc6 24. Rxc6 bxc6 25. Rc1 Rd2 26. b4 Rxe2 27. Rxc6
Ra2 28. Rxa6 Bxb4 29. a4 Kf8 30. Bb6 Ke7 31. Ra7+ Kf6 32. a5 e5 33. a6 Ke6 34.
Ra8 Kd7 35. a7 Kc6 36. Be3 Bd6 37. Rd8 Bc7 38. a8=Q+ Rxa8 39. Rxa8 1-0

[Event "Mondiale Lampo FIDE 2022"]
[Site "Alma Ata"]
[Date "29.12.2022"]
[Round "3.81"]
[White "Batsuren, Dambasuren"]
[Black "Shishkov, Andrei"]
[Result "1-0"]
[WhiteTitle ""]
[BlackTitle ""]
[WhiteElo "2525"]
[BlackElo "2340"]
[WhiteFideId "4902920"]
[BlackFideId "4500563"]
[EventDate "29.12.2022"]

1. d4 Nf6 2. c4 e6 3. g3 d5 4. Bg2 dxc4 5. Nf3 Nc6 6. O-O Rb8 7. e3 b5 8. Qe2
Be7 9. b3 cxb3 10. axb3 a6 11. Bb2 O-O 12. Rc1 Bb7 13. Nbd2 Nb4 14. e4 h6 15.
Ne5 Nd7 16. Nxd7 Qxd7 17. Bh3 Qd6 18. Nf3 f5 19. d5 fxe4 20. Bxe6+ Kh8 21. Ne5
Nxd5 22. Ng6+ Kh7 23. Qxe4 Nf6 24. Nxf8+ Kh8 25. Qh7+ Nxh7 26. Ng6# 1-0

[Event "Mondiale Lampo FIDE 2022"]
[Site "Alma Ata"]
[Date "29.12.2022"]
[Round "3.82"]
[White "Gharibyan, Mamikon"]
[Black "Suyarov, Mukhammadzokhid"]
[Result "1-0"]
[WhiteTitle ""]
[BlackTitle ""]
[WhiteElo "2480"]
[BlackElo "2299"]
[WhiteFideId "13308300"]
[BlackFideId "14210495"]
[EventDate "29.12.2022"]

1. Nf3 Nf6 2. g3 g6 3. b3 Bg7 4. Bb2 O-O 5. Bg2 d5 6. c4 c6 7. O-O Nbd7 8. a4 a5
9. cxd5 cxd5 10. Na3 Re8 11. Nb5 Nb8 12. Rc1 Nc6 13. Ne5 Ra6 14. d3 Be6 15. Qd2
Qb8 16. Nf3 Bd7 17. Ba3 Bf8 18. Rc2 e5 19. Bxf8 Kxf8 20. Qh6+ Kg8 21. Ng5 Ne7
22. e4 dxe4 23. dxe4 Rc6 24. Rd2 Be6 25. Rd3 Rd8 26. Rf3 Bg4 27. Rxf6 Rxf6 28.
Nxh7 Rc6 29. Ng5 Rf6 30. h3 Be2 31. Rc1 Rc8 32. Nc3 Rcc6 33. Qh7+ Kf8 34. Qh8+
Ng8 35. Nh7+ Ke7 36. Nxf6 Ba6 37. Nxg8+ Ke6 38. Qf6+ Kd7 39. Rd1+ Kc7 40. Nd5+
Kc8 41. Nge7+ Kd7 42. Nxc6 bxc6 43. Qe7+ Kc8 44. Nf6 Qb6 45. Qe8+ Qd8 1-0

[Event "Mondiale Lampo FIDE 2022"]
[Site "Alma Ata"]
[Date "29.12.2022"]
[Round "3.83"]
[White "Elier, Ali"]
[Black "Uskov, Artem"]
[Result "1-0"]
[BlackTitle ""]
[WhiteElo "2165"]
[BlackElo "2376"]
[WhiteFideId "16217543"]
[BlackFideId "34254854"]
[EventDate "29.12.2022"]

1. e4 Nf6 2. e5 Nd5 3. c4 Nb6 4. d4 d6 5. exd6 cxd6 6. a4 g6 7. a5 N6d7 8. Bd3
Nc6 9. Nf3 Bg7 10. Be3 Nxa5 11. O-O Nc6 12. Nc3 O-O 13. Qd2 e5 14. d5 Ne7 15.
Bh6 f5 16. Bxg7 Kxg7 17. Bc2 a6 18. Nb5 Nf6 19. Rfd1 Rb8 20. Nc3 b5 21. c5 b4
22. Ne2 b3 23. Bd3 e4 24. Bxa6 exf3 25. gxf3 dxc5 26. d6 Ned5 27. Bc4 Bb7 28.
Ra7 Rf7 29. Rxb7 Rfxb7 30. Bxd5 Rb6 31. Bc4 Qd7 32. Nf4 Re8 33. h4 Kh8 34. Qc3
Qg7 35. Ne6 Rxe6 36. Bxe6 Rb8 37. d7 Rd8 38. Qxc5 g5 39. hxg5 Qxg5+ 40. Kf1 Qg7
41. Qxf5 h5 42. Rd4 Nh7 43. Rh4 Qxb2 44. Rxh5 Qa1+ 45. Kg2 Qg7+ 46. Kh2 b2 47.
f4 Rf8 48. Qc2 Rd8 49. Bf5 Qf6 50. Rxh7+ Kg8 51. Qc4+ Kf8 52. Qb4+ Kg8 53. Qc4+
Kf8 54. Rh5 Rxd7 55. Qc8+ Rd8 56. Qc5+ Kf7 57. Qe5 Qxe5 58. fxe5 Rd5 59. Rh7+
Kf8 60. f4 Rd4 61. Kg3 Rd1 62. Kg4 Rg1+ 63. Kh5 Ke8 64. Rb7 Rg2 65. Bg4 Rf2 66.
Kg5 Rc2 67. Kf5 Kd8 68. e6 Kc8 69. Rb3 Kc7 70. Kf6 Kd6 71. Rd3+ Kc7 72. Rb3 Rc1
73. Rxb2 1-0

[Event "Mondiale Lampo FIDE 2022"]
[Site "Alma Ata"]
[Date "29.12.2022"]
[Round "3.84"]
[White "Haldorsen, Benjamin"]
[Black "Postlmayer, Jakob"]
[Result "1-0"]
[WhiteTitle ""]
[BlackTitle ""]
[WhiteElo "2449"]
[BlackElo "2314"]
[WhiteFideId "1512633"]
[BlackFideId "1643622"]
[EventDate "29.12.2022"]

1. e4 e5 2. Nf3 Nf6 3. Nc3 Nc6 4. d4 exd4 5. Nxd4 Bb4 6. Nxc6 bxc6 7. Bd3 O-O 8.
O-O d5 9. exd5 Bg4 10. Ne2 cxd5 11. h3 Bh5 12. c3 Be7 13. Bf4 Qd7 14. Qc2 Bg6
15. Ng3 Rfe8 16. Nf5 Bf8 17. Rad1 c5 18. Ne3 Qc6 19. Bxg6 hxg6 20. Bg5 Re5 21.
Bxf6 gxf6 22. Qd3 c4 23. Qc2 Bc5 24. Ng4 Re6 25. Rd2 f5 26. Nh2 Rd8 27. Nf3 Kg7
28. b4 cxb3 29. axb3 Bb6 30. Qb2 Kg8 31. Rfd1 Red6 32. Rd3 a5 33. Qd2 Kg7 34.
Qg5 Qc5 35. Nd4 Rf6 36. Rf3 Qc8 37. g4 Bxd4 38. Rxd4 Qe6 39. Rdf4 Qe5 40. gxf5
Rh8 41. Re3 Qb8 42. Rff3 Rh5 43. Qg4 Rhxf5 44. Qd4 Kh7 45. Qxf6 Rxf6 46. Rxf6
Qxb3 47. Rxf7+ Kh6 48. Ree7 Qxc3 49. h4 Kh5 50. Rh7+ Kg4 51. Re3 Qf6 52. Kg2 Qd6
53. Rg3+ Kf5 54. Rf7+ Ke5 55. Rff3 Qb4 56. Rg5+ Kd6 57. Rxg6+ Kc5 58. h5 Qh4 59.
Rh3 Qe4+ 60. Kg1 a4 61. Rgg3 d4 62. h6 Qb1+ 63. Kg2 Qe4+ 64. Kh2 Qf4 65. Kg1
Qc1+ 66. Kg2 a3 67. Rxa3 Qg5+ 68. Rag3 Qd5+ 69. Kh2 Qf5 70. Kg1 Qh7 71. Rg7 Qb1+
72. Kg2 Qe4+ 73. Rf3 Qe5 74. Rgg3 Qh5 75. Rh3 Qg4+ 76. Rfg3 Qe4+ 77. Kh2 Qf4 78.
Kg1 Qc1+ 79. Kg2 d3 80. Rxd3 Qg5+ 81. Rdg3 Qd5+ 82. Kh2 Qf5 83. Rf3 Qe5+ 84.
Rfg3 Qf5 85. Kg1 Qh7 86. Rh5+ Kd4 87. Rg4+ Kd3 88. Rh3+ Ke2 89. Re3+ Kd2 90. Rh3
Ke2 91. Rgg3 Qb1+ 92. Kh2 Qh7 93. Rg7 Qf5 94. h7 Qf4+ 95. Rgg3 1-0

[Event "Mondiale Lampo FIDE 2022"]
[Site "Alma Ata"]
[Date "29.12.2022"]
[Round "3.85"]
[White "Uruci, Endrit"]
[Black "Everett, Elijah"]
[Result "1-0"]
[WhiteTitle ""]
[WhiteElo "2297"]
[BlackElo "2202"]
[WhiteFideId "22100199"]
[BlackFideId "12973696"]
[EventDate "29.12.2022"]

1. b3 e5 2. Bb2 Nc6 3. e3 Nf6 4. Bb5 Bd6 5. Na3 Be7 6. Nf3 e4 7. Ng1 O-O 8. Ne2
Nb8 9. Ng3 c6 10. Be2 d5 11. O-O Nbd7 12. Nf5 Bc5 13. d4 exd3 14. Bxd3 Re8 15.
c4 Ne5 16. Bc2 Qa5 17. Qc1 dxc4 18. Nxc4 Nxc4 19. bxc4 Ne4 20. Nxg7 Re7 21. Nh5
Nxf2 22. Nf6+ Kf8 23. Nxh7+ Ke8 24. Nf6+ Kf8 25. Rxf2 Bxe3 26. Qe1 Qb6 27. Ba3
c5 28. Nd5 1-0

[Event "Mondiale Lampo FIDE 2022"]
[Site "Alma Ata"]
[Date "29.12.2022"]
[Round "3.86"]
[White "Kostenko, Petr"]
[Black "Munkhdalai, Amilal"]
[Result "1/2-1/2"]
[WhiteTitle ""]
[BlackTitle ""]
[WhiteElo "2374"]
[BlackElo "2142"]
[WhiteFideId "13700669"]
[BlackFideId "4903250"]
[EventDate "29.12.2022"]

1. c4 Nf6 2. g3 c6 3. Bg2 d5 4. Nf3 Bf5 5. O-O h6 6. d3 e6 7. Nbd2 Nbd7 8. b3
Be7 9. Bb2 O-O 10. a3 a5 11. Qc2 Bh7 12. Bc3 Bd6 13. b4 e5 14. cxd5 cxd5 15. Qb3
a4 16. Qa2 e4 17. dxe4 dxe4 18. Nd4 Re8 19. Nc4 Bf8 20. Rfd1 Rc8 21. Rac1 Nd5
22. Ba1 Qg5 23. Qb2 N7f6 24. Na5 e3 25. f4 Qg4 26. Nxb7 Be4 27. Nc5 Bxg2 28.
Kxg2 Nxf4+ 29. Kh1 Bxc5 30. bxc5 Ne4 31. Nf5 Nf2+ 32. Kg1 Nxe2+ 33. Kf1 f6 34.
Nxh6+ 1/2-1/2

[Event "Mondiale Lampo FIDE 2022"]
[Site "Alma Ata"]
[Date "29.12.2022"]
[Round "3.87"]
[White "Degenbaev, Aziz"]
[Black "Suleymenov, Alisher"]
[Result "0-1"]
[BlackTitle ""]
[WhiteElo "2139"]
[BlackElo "2476"]
[WhiteFideId "13802640"]
[BlackFideId "13707833"]
[EventDate "29.12.2022"]

1. e4 c5 2. Nf3 d6 3. d4 cxd4 4. Nxd4 Nf6 5. Nc3 a6 6. h3 e5 7. Nde2 h5 8. g3
Be7 9. Bg2 b5 10. a4 b4 11. Nd5 Nxd5 12. Qxd5 Ra7 13. O-O Be6 14. Qd1 O-O 15. f4
h4 16. g4 Nd7 17. b3 exf4 18. Nxf4 Bf6 19. Rb1 Be5 20. Be3 Rc7 21. Nd3 a5 22.
Nxe5 dxe5 23. Rf2 Rc3 24. Qd2 Qc7 25. Bg5 Rc8 26. Rb2 Nb8 27. Bxh4 Nc6 28. Kh2
Nd4 29. Bg3 Nxc2 30. Qg5 Rc5 31. Rbxc2 Rxc2 32. Bxe5 Qxe5+ 33. Qxe5 Rxf2 34. Kg3
Rfc2 35. Qxa5 R8c3+ 36. Bf3 Rb2 37. e5 Rbxb3 38. Qa8+ Kh7 39. Qe4+ g6 40. a5
Rxf3+ 41. Kg2 Rfd3 42. Qe2 Bd5+ 43. Kf2 Rf3+ 44. Kg1 Rb1+ 45. Kh2 Rh1+ 0-1

[Event "Mondiale Lampo FIDE 2022"]
[Site "Alma Ata"]
[Date "29.12.2022"]
[Round "4.3"]
[White "Abdusattorov, Nodirbek"]
[Black "Yu, Yangyi"]
[Result "0-1"]
[WhiteTitle ""]
[BlackTitle ""]
[WhiteElo "2713"]
[BlackElo "2728"]
[WhiteFideId "14204118"]
[BlackFideId "8603820"]
[EventDate "29.12.2022"]

1. e4 c5 2. Nf3 Nc6 3. c3 Nf6 4. e5 Nd5 5. Bc4 Nb6 6. Bb3 d5 7. exd6 Bf5 8. O-O
e6 9. d4 Bxd6 10. Na3 O-O 11. Nb5 Be7 12. Bf4 c4 13. Bc2 Nd5 14. Bxf5 exf5 15.
Qd2 a6 16. Na3 Bxa3 17. bxa3 Qa5 18. Bd6 Rfe8 19. Bb4 Qc7 20. a4 Ncxb4 21. cxb4
c3 22. Qc2 g6 23. a3 Qc4 24. Rfe1 Nf4 25. Re3 Rxe3 26. fxe3 Nd5 27. Re1 Re8 28.
Ne5 Qc7 29. Qb3 Rd8 30. Rc1 Kg7 31. Nd3 Qe7 32. Re1 b6 33. Ne5 Qh4 34. Re2 Qe4
35. Qc2 Rc8 36. Kf2 Qh4+ 37. Kg1 Nxe3 38. Rxe3 Qxd4 0-1

[Event "Mondiale Lampo FIDE 2022"]
[Site "Alma Ata"]
[Date "29.12.2022"]
[Round "4.4"]
[White "Giri, Anish"]
[Black "Shimanov, Aleksandr"]
[Result "1-0"]
[WhiteTitle ""]
[BlackTitle ""]
[WhiteElo "2764"]
[BlackElo "2581"]
[WhiteFideId "24116068"]
[BlackFideId "4198603"]
[EventDate "29.12.2022"]

1. e4 d5 2. exd5 Qxd5 3. Nc3 Qe5+ 4. Be2 Bg4 5. d4 Bxe2 6. Ngxe2 Qa5 7. b4 Qh5
8. Qd3 e6 9. Qg3 Nd7 10. O-O Ngf6 11. Qxc7 Bxb4 12. Qxb7 Rb8 13. Qxa7 O-O 14.
Bf4 Rbc8 15. Ng3 Qh4 16. Nce2 Rxc2 17. Qa4 Rb2 18. Bc1 Rxe2 19. Nxe2 Bd6 20. h3
Qe4 21. Nc3 Qd3 22. Bb2 Rb8 23. Rad1 Qf5 24. Bc1 Nb6 25. Qc6 Bf8 26. Qc7 Nbd7
27. Qg3 Rc8 28. Rfe1 Bb4 29. Re3 Qa5 30. Ne4 Qxa2 31. Nxf6+ Nxf6 32. Qf3 Bd6 33.
Rc3 Re8 34. Bg5 Nd5 35. Rcd3 Qa4 36. Bh4 Rc8 37. Bg3 Bf8 38. Rf1 Qc2 39. Qd1 Qc4
40. Qf3 Nb4 41. Rdd1 Nd5 42. Qd3 Qa4 43. Rc1 Rd8 44. Qc4 Qd7 45. Rfd1 Qe7 46.
Qc6 Qf6 47. Ra1 h5 48. Ra8 h4 49. Be5 Qg5 50. Rxd8 Qxd8 51. Ra1 Qe7 52. Ra8 Kh7
53. Qc8 Kg8 54. Qb8 Qd7 1-0

[Event "Mondiale Lampo FIDE 2022"]
[Site "Alma Ata"]
[Date "29.12.2022"]
[Round "4.5"]
[White "Duda, Jan-Krzysztof"]
[Black "Pranav, V"]
[Result "1-0"]
[WhiteTitle ""]
[BlackTitle ""]
[WhiteElo "2729"]
[BlackElo "2545"]
[WhiteFideId "1170546"]
[BlackFideId "25060783"]
[EventDate "29.12.2022"]

1. e4 e5 2. Nf3 Nc6 3. Bc4 Nf6 4. d3 h6 5. a4 d6 6. a5 a6 7. Nc3 g6 8. O-O Bg7
9. h3 O-O 10. Be3 Be6 11. Bxe6 fxe6 12. Ne2 Nh5 13. Nh2 Kh7 14. g3 Nf6 15. c3 d5
16. Qc2 Qd7 17. Rfd1 Rad8 18. Kg2 Qf7 19. Bc5 Rfe8 20. Ng1 dxe4 21. dxe4 Rxd1
22. Rxd1 Nxa5 23. Ngf3 Nc6 24. Be3 Rf8 25. b4 Kg8 26. Bc5 Re8 27. Qb1 g5 28. Be3
Qg6 29. Nd2 Rd8 30. Nhf1 g4 31. hxg4 Nxg4 32. b5 axb5 33. Qxb5 Ne7 34. Qxb7 Qf7
35. Qxc7 Rc8 36. Qa5 h5 37. Nf3 Rf8 38. N1d2 Nxe3+ 39. fxe3 Qg6 40. Qc7 Rf7 41.
Nxe5 Bxe5 42. Qxe5 Qg4 43. Re1 Ng6 44. Qb8+ Rf8 45. Qd6 Nh4+ 46. Kg1 Ng6 47. Rf1
h4 48. Rxf8+ Nxf8 49. Qf4 Qd1+ 50. Nf1 Ng6 51. Qg5 Kf7 52. gxh4 Nf8 53. h5 Qf3
54. Qf4+ 1-0

[Event "Mondiale Lampo FIDE 2022"]
[Site "Alma Ata"]
[Date "29.12.2022"]
[Round "4.6"]
[White "Lazavik, Denis"]
[Black "Mamedyarov, Shakhriyar"]
[Result "1-0"]
[WhiteTitle ""]
[BlackTitle ""]
[WhiteElo "2537"]
[BlackElo "2740"]
[WhiteFideId "13515110"]
[BlackFideId "13401319"]
[EventDate "29.12.2022"]

1. d4 Nf6 2. c4 e6 3. Nf3 Bb4+ 4. Bd2 c5 5. Bxb4 cxb4 6. g3 b6 7. Bg2 Bb7 8. O-O
O-O 9. Qd3 d6 10. Nbd2 Nbd7 11. a3 bxa3 12. Qxa3 Qc7 13. b4 a5 14. Rfc1 Ne4 15.
Nxe4 Bxe4 16. Nd2 Bxg2 17. Kxg2 e5 18. e3 Rfe8 19. d5 e4 20. Qc3 axb4 21. Qxb4
Nc5 22. Qc3 h5 23. Rxa8 Rxa8 24. Ra1 Re8 25. h4 Qd7 26. Nb3 Qf5 27. Nxc5 bxc5
28. Qb3 Qf3+ 29. Kg1 Qe2 30. Ra2 Qe1+ 31. Kg2 Kh7 32. Qb7 f6 33. Qf7 1-0

[Event "Mondiale Lampo FIDE 2022"]
[Site "Alma Ata"]
[Date "29.12.2022"]
[Round "4.7"]
[White "Van Foreest, Jorden"]
[Black "Caruana, Fabiano"]
[Result "1/2-1/2"]
[WhiteTitle ""]
[BlackTitle ""]
[WhiteElo "2690"]
[BlackElo "2766"]
[WhiteFideId "1039784"]
[BlackFideId "2020009"]
[EventDate "29.12.2022"]

1. e4 e5 2. Nf3 Nc6 3. Bc4 Bc5 4. d3 Nf6 5. Nc3 d6 6. Na4 Bb6 7. h3 O-O 8. O-O
h6 9. c3 Re8 10. Nxb6 axb6 11. a4 Be6 12. Bxe6 Rxe6 13. b4 d5 14. b5 Na5 15.
exd5 Qxd5 16. c4 Qd7 17. Qc2 e4 18. dxe4 Rxe4 19. Bb2 Rxc4 20. Qb1 Qe6 21. Re1
Re4 22. Qc2 c5 23. bxc6 bxc6 24. Be5 Qb3 25. Qxb3 Nxb3 26. Rab1 Rxe1+ 27. Nxe1
Nd7 28. Rxb3 Nxe5 29. Rxb6 Rxa4 30. Nc2 g6 31. Ne3 Kg7 32. g3 c5 33. Rb5 Nd3 34.
Rb7 Ra1+ 35. Kg2 Ra2 36. Kf3 Rxf2+ 37. Ke4 Nb4 38. Rc7 Na6 39. Rc6 Rf6 40. Rc8
Re6+ 41. Kf3 h5 42. g4 hxg4+ 43. hxg4 Re7 44. Rc6 Re6 45. Rc8 Kf6 46. Nc4 Kg5
47. Nd2 Kf6 48. Ne4+ Ke5 49. Nxc5 Nxc5 50. Rxc5+ Kf6 51. g5+ Kg7 52. Kf4 Ra6 53.
Rc7 Ra1 54. Rb7 Rd1 55. Rc7 Kf8 56. Ra7 Ke8 57. Rb7 Rd7 58. Rb1 Rc7 59. Re1+ Kd7
60. Rd1+ Ke7 61. Re1+ Kf8 62. Rb1 Rc4+ 63. Kf3 Ke7 64. Rb7+ Ke6 65. Rb6+ Ke5 66.
Rf6 Rc7 67. Kg3 Ke4 68. Rf4+ Kd5 69. Rf6 Ke5 70. Kg4 Rd7 1/2-1/2

[Event "Mondiale Lampo FIDE 2022"]
[Site "Alma Ata"]
[Date "29.12.2022"]
[Round "4.8"]
[White "Artemiev, Vladislav"]
[Black "Mamedov, Rauf"]
[Result "1/2-1/2"]
[WhiteTitle ""]
[BlackTitle ""]
[WhiteElo "2701"]
[BlackElo "2646"]
[WhiteFideId "24101605"]
[BlackFideId "13401653"]
[EventDate "29.12.2022"]

1. Nf3 Nf6 2. g3 g6 3. b3 c5 4. c4 d6 5. Bb2 e5 6. Bg2 Bg7 7. O-O O-O 8. d3 Nc6
9. Nc3 Re8 10. Nd2 a6 11. a3 Rb8 12. Rb1 Be6 13. Nd5 Bf5 14. Ba1 a5 15. Bc3 Nxd5
16. cxd5 Ne7 17. e4 Bc8 18. Nc4 b6 19. Qd2 Ba6 20. f4 b5 21. Ne3 b4 22. axb4
cxb4 23. Bb2 Qb6 24. Kh1 exf4 25. Ng4 h5 26. Qxf4 Bxb2 27. Nh6+ Kg7 28. Rxb2 Qd4
29. Rbf2 Bxd3 30. Rd1 f6 31. g4 Qe5 32. Rxd3 Qxf4 33. Rxf4 Kxh6 34. Rxf6 a4 35.
bxa4 b3 36. Rf1 b2 37. Rb1 Rb4 38. Rd2 Reb8 39. Bf3 hxg4 40. Bxg4 Rxe4 41. Be6
Rxa4 42. Rdxb2 Rxb2 43. Rxb2 Rd4 44. Rb5 Rd2 45. Kg1 Nf5 46. Rb6 Nd4 47. Rxd6
Nf3+ 48. Kf1 Nxh2+ 49. Ke1 1/2-1/2

[Event "Mondiale Lampo FIDE 2022"]
[Site "Alma Ata"]
[Date "29.12.2022"]
[Round "4.9"]
[White "Adly, Ahmed"]
[Black "Vachier-Lagrave, Maxime"]
[Result "1/2-1/2"]
[WhiteTitle ""]
[BlackTitle ""]
[WhiteElo "2596"]
[BlackElo "2737"]
[WhiteFideId "10601619"]
[BlackFideId "623539"]
[EventDate "29.12.2022"]

1. d4 Nf6 2. Nf3 g6 3. g3 Bg7 4. Bg2 d5 5. c4 c6 6. cxd5 cxd5 7. O-O O-O 8. Nc3
Nc6 9. Ne5 Bf5 10. Nxc6 bxc6 11. Bf4 Nh5 12. Be3 c5 13. Nxd5 e6 14. Nf4 cxd4 15.
Nxh5 gxh5 16. Bxa8 Qxa8 17. Bd2 Bh3 18. f3 Bxf1 19. Kxf1 d3 20. exd3 Rb8 21. Rb1
Qd5 22. Bf4 Rxb2 23. Rxb2 Bxb2 24. Qe2 Qxa2 25. Bc1 Qb1 26. Qxb2 Qxd3+ 27. Kf2
Qd8 28. Bh6 f6 29. Qb7 Qb6+ 30. Qxb6 axb6 31. Ke3 Kf7 32. Kd4 Kg6 33. Be3 Kf5
34. Kc4 e5 35. Kd5 b5 36. Bd2 h4 37. g4+ Kg6 38. Ke6 h3 39. Kd5 h5 40. gxh5+
Kxh5 41. Ke6 Kg6 42. Kd6 Kf5 43. Kd5 b4 44. Kc4 e4 45. fxe4+ Kxe4 46. Kxb4 f5
47. Kc3 f4 48. Kc2 f3 49. Kd1 Kd3 50. Ke1 f2+ 51. Kxf2 Kxd2 52. Kg3 Ke3 53. Kxh3
Kf4 54. Kh4 Kf5 55. Kh5 Kf6 1/2-1/2

[Event "Mondiale Lampo FIDE 2022"]
[Site "Alma Ata"]
[Date "29.12.2022"]
[Round "4.10"]
[White "Dragnev, Valentin"]
[Black "Andreikin, Dmitry"]
[Result "1-0"]
[WhiteTitle ""]
[BlackTitle ""]
[WhiteElo "2556"]
[BlackElo "2729"]
[WhiteFideId "1634852"]
[BlackFideId "4158814"]
[EventDate "29.12.2022"]

1. e4 c5 2. Nc3 a6 3. g3 b5 4. Bg2 Bb7 5. Nge2 e6 6. d4 cxd4 7. Nxd4 Nf6 8. Qe2
Nc6 9. Nxc6 Bxc6 10. Nd5 Bc5 11. Bg5 Qa5+ 12. c3 Qd8 13. O-O h6 14. Nxf6+ gxf6
15. Bf4 h5 16. h4 Kf8 17. Rad1 Qc8 18. e5 f5 19. Rd3 Bxg2 20. Kxg2 Qc6+ 21. Qf3
Qxf3+ 22. Kxf3 Ke8 23. Rfd1 Ra7 24. a4 bxa4 25. Ra1 Kd8 26. Rxa4 Kc8 27. Bg5 Re8
28. Rd1 Be7 29. Be3 Ra8 30. Rda1 Kb7 31. Rd4 Red8 32. Rad1 Kc6 33. Rc4+ Kb7 34.
Rcd4 Kc6 35. Rc4+ Kb7 36. Ra1 a5 37. Rca4 Ra6 38. Rxa5 Rda8 39. Rxa6 Rxa6 40.
Rxa6 Kxa6 41. Ke2 Kb5 42. b3 Kc6 43. Kd3 Bd8 44. Kc4 Bc7 45. Bd4 d5+ 46. exd6 1-0

[Event "Mondiale Lampo FIDE 2022"]
[Site "Alma Ata"]
[Date "29.12.2022"]
[Round "4.12"]
[White "Durarbayli, Vasif"]
[Black "Vidit, Santosh Gujrathi"]
[Result "1-0"]
[WhiteTitle ""]
[BlackTitle ""]
[WhiteElo "2612"]
[BlackElo "2730"]
[WhiteFideId "13402935"]
[BlackFideId "5029465"]
[EventDate "29.12.2022"]

1. d4 Nf6 2. Nf3 d5 3. c4 e6 4. g3 Bb4+ 5. Nbd2 O-O 6. Bg2 b6 7. O-O Bb7 8. Ne5
Nbd7 9. Qa4 Bxd2 10. Bxd2 Nxe5 11. dxe5 Nd7 12. cxd5 Bxd5 13. Bxd5 Nc5 14. Qg4
exd5 15. Rac1 Qc8 16. Qxc8 Rfxc8 17. Rfd1 c6 18. Be3 Ne6 19. f4 f5 20. exf6 gxf6
21. f5 Nd8 22. Bf4 Nf7 23. Kf2 Kf8 24. b4 Ke7 25. a4 Nd6 26. g4 Nc4 27. b5 cxb5
28. axb5 Rc5 29. e4 dxe4 30. Rd4 e3+ 31. Ke2 Rac8 32. Rcd1 Ne5 33. Bxe5 fxe5 34.
Rd7+ Kf6 35. h4 e4 36. Kxe3 Rc3+ 37. Kf4 Rd3 38. R1xd3 exd3 39. g5# 1-0

[Event "Mondiale Lampo FIDE 2022"]
[Site "Alma Ata"]
[Date "29.12.2022"]
[Round "4.14"]
[White "Quparadze, Giga"]
[Black "Nepomniachtchi, Ian"]
[Result "1-0"]
[WhiteTitle ""]
[BlackTitle ""]
[WhiteElo "2470"]
[BlackElo "2793"]
[WhiteFideId "13602250"]
[BlackFideId "4168119"]
[EventDate "29.12.2022"]

1. Nf3 d5 2. g3 g6 3. Bg2 Bg7 4. O-O e5 5. d3 Nc6 6. Nc3 Nge7 7. e4 d4 8. Ne2
O-O 9. c3 a5 10. h3 b6 11. cxd4 exd4 12. g4 Ba6 13. a3 Qd7 14. Ng3 a4 15. Bg5
Na5 16. Rc1 Nb3 17. Rc2 c5 18. e5 h6 19. Bf6 Nd5 20. Bxg7 Kxg7 21. Re1 Nf4 22.
Bf1 Bb7 23. Ne4 Bxe4 24. Rxe4 g5 25. Qe1 Rae8 26. Kh2 Re7 27. Kg3 Qd8 28. h4 Re6
29. hxg5 hxg5 30. Rxf4 gxf4+ 31. Kxf4 Rfe8 32. Qe4 f6 33. Kg3 Rxe5 34. Nxe5 Rxe5
35. Qf4 Qe7 36. Bg2 b5 37. Be4 c4 38. f3 Nc5 39. Rd2 cxd3 40. Bxd3 Ne6 41. Rh2
Nxf4 42. Rh7+ Kf8 43. Rxe7 Kxe7 44. Kxf4 Kd6 45. Be4 Kc5 46. Bd3 Re3 47. Be4 Rb3
48. Kf5 d3 49. Kxf6 d2 50. Bc2 Rxf3+ 51. Ke5 Rf1 52. g5 d1=Q 1-0

[Event "Mondiale Lampo FIDE 2022"]
[Site "Alma Ata"]
[Date "29.12.2022"]
[Round "4.16"]
[White "Fedoseev, Vladimir3"]
[Black "Moiseenko, Alexander"]
[Result "1-0"]
[WhiteTitle ""]
[BlackTitle ""]
[WhiteElo "2688"]
[BlackElo "2577"]
[WhiteFideId "24130737"]
[BlackFideId "14102560"]
[EventDate "29.12.2022"]

1. Nf3 c5 2. g3 Nc6 3. Bg2 g6 4. c4 Bg7 5. Nc3 e5 6. a3 a5 7. d3 d6 8. Bg5 f6 9.
Bd2 Nge7 10. O-O O-O 11. Ne1 Be6 12. Nc2 d5 13. cxd5 Nxd5 14. Ne3 Nde7 15. Nc4
b6 16. Rc1 Rb8 17. Kh1 b5 18. Ne3 f5 19. a4 bxa4 20. Nc4 Bxc4 21. dxc4 Rxb2 22.
Be3 Qxd1 23. Rfxd1 Nd4 24. Nxa4 Rxe2 25. Nxc5 f4 26. Bxd4 exd4 27. Nd3 f3 28.
Bf1 Ra2 29. c5 Ra3 30. Nf4 Rc3 31. Ne6 Rc8 32. Ra1 Bf6 33. Rxa5 Rc2 34. Kg1 Nd5
35. Rd3 Nc3 36. Rxf3 Be5 37. Kg2 Nd1 38. Bd3 Rb2 39. h4 Ne3+ 40. Kh3 Nd1 41. Kg2
Ne3+ 42. Kh3 Nd1 43. Bc4 Nxf2+ 44. Rxf2 Rxf2 45. Ra7 Kh8 46. Ng5 Rxc5 47. Rxh7# 1-0